000 00290nam a22001337a 4500
008 190311b xxu||||| |||| 00| 0 eng d
020 _a0395868475
041 _aeng
080 _23rd
_a371
100 _a46
101 _aEDU
245 _aThe Reading edge
_cJohnson,B.E
942 _2udc
_cBK
999 _c54664
_d54664